Omniscient teachers versus `those who cant' do, teach' / (Record no. 87337)

MARC details
000 -LEADER
fixed length control field 00614nam a22001817a 4500
003 - CONTROL NUMBER IDENTIFIER
control field URS
005 - DATE AND TIME OF LATEST TRANSACTION
control field 20251015152646.0
008 - FIXED-LENGTH DATA ELEMENTS--GENERAL INFORMATION
fixed length control field 251015b |||||||| |||| 00| 0 eng d
040 ## - CATALOGING SOURCE
Transcribing agency URS
100 ## - MAIN ENTRY--PERSONAL NAME
Personal name Ziegelwagner, Thomas
Relator term author
245 ## - TITLE STATEMENT
Title Omniscient teachers versus `those who cant' do, teach' /
Statement of responsibility, etc. Thomas Ziegelwagner
300 ## - PHYSICAL DESCRIPTION
Extent pages 14-17
336 ## - CONTENT TYPE
Source rdacontent
Content type term text
Content type code txt
337 ## - MEDIA TYPE
Source rdamedia
Media type term unmediated
Media type code n
338 ## - CARRIER TYPE
Source rdacarrier
Carrier type term volume
Carrier type code nc
773 0# - HOST ITEM ENTRY
Host Biblionumber 82535
Host Itemnumber 92506
Place, publisher, and date of publication Sussex: Pavilion Publishing and Media Ltd, 2023-
Other item identifier PIL-03080587-32-2
Title Modern English Teacher
International Standard Serial Number 03080587
942 ## - ADDED ENTRY ELEMENTS (KOHA)
Source of classification or shelving scheme Dewey Decimal Classification
Koha item type Continuing Resources

No items available.

University of Rizal System
Email us at univlibservices@urs.edu.ph

Visit our Website www.urs.edu.ph/library